• 首页
  • 本馆介绍
  • 公告通知
  • 最新文献
  • 馆藏检索
  • 电子资源
  • 读者导购
  • 参考咨询
  • 我的图书馆
  • 登录
  • 详细信息显示
  • 放入我的书架
  • 预约/预借图书
  • 作者相关作品
  • 分类相关作品
  • 丛书相关作品
  • 出版社相关作品

书目信息

  • 表格格式
  • 工作单格式
  • 卡片格式
题名:
家畜解剖生理学
    
 
作者: ;山西省畜牧兽医学校 主编
分册:  
出版信息: 北京   农业出版社  1979
页数: 402页
开本: 19cm
丛书名:
单 册:
中图分类: S852.1
科图分类:
主题词: 家畜-动物解剖学:生理学--专业学校--教材 , 动物解剖学:生理学-家畜--专业学校--教材 , 生理学:动物解剖学-家畜--专业学校--教材
电子资源:
ISBN:
000 00817nam0 2200265 45
001 0179004701
005 20060731091916.31
010    @dCNY1.20
091    @a16144.1935
100    @a19950801d1979 em y0chiy0121 ea
101 0  @achi
102    @aCN@b110000
105    @ay z 000yy
200 10 @a家畜解剖生理学@Ajia chu jie pou sheng li xue@f山西省畜牧兽医学校主编
210    @a北京@c农业出版社@d1979
215    @a402页@d19cm
300    @a全国中等农业学校试用教材
300    @a国内发行
606    @a家畜-动物解剖学:生理学@x专业学校@x教材
606    @a动物解剖学:生理学-家畜@x专业学校@x教材
606    @a生理学:动物解剖学-家畜@x专业学校@x教材
690    @aS852.1@v3
711 02 @a山西省畜牧兽医学校@Ashan xi sheng xu mu shou yi xue xiao@4主编
801  0 @aCN@bTSSF@c20060731
905    @a10447@dS852.1@e28
    
    家畜解剖生理学/山西省畜牧兽医学校主编.-北京:农业出版社,1979
    402页;19cm
    全国中等农业学校试用教材.-国内发行
    
    ISBN :CNY1.20
    
●
相关链接 在E读中查询图书 在五车中查询图书 在当当中查询图书 在豆瓣中查询图书


正题名:家畜解剖生理学     索取号:S852.1/28         预约/预借

序号 登录号 条形码 馆藏地/架位号 状态 备注
1 0439074   204390747   密集书库/ [索取号:S852.1/28] 在馆    
唐山师范学院图书馆 欢迎您!
大连网信软件有限公司© 版权所有